LEADER 05912oam 2200577I 450 001 9910511697003321 005 20170925011432.0 010 $a90-04-32588-3 024 7 $a10.1163/9789004325883 035 $a(CKB)3710000000886320 035 $a(PQKBManifestationID)16556161 035 $a(PQKBWorkID)15074494 035 $a(PQKB)25223272 035 $a(MiAaPQ)EBC4715179 035 $a 2016037067 035 $a(nllekb)BRILL9789004325883 035 $a(EXLCZ)993710000000886320 100 $a20160810d2016 uy 0 101 0 $aeng 135 $aurcnu|||||||| 181 $ctxt 182 $cc 183 $acr 200 00$aApproaches to the history and dialectology of Arabic $epapers in honor of Pierre Larcher /$fedited by Manuel Sartori, Manuela E. B. Giolfo, Philippe Cassuto 210 1$aLeiden ;$aBoston :$cBrill,$d2016. 215 $a1 online resource (606 pages) 225 0 $aStudies in Semitic languages and linguistics ;$vv. 88 300 $aBibliographic Level Mode of Issuance: Monograph 311 $a90-04-31150-5 320 $aIncludes bibliographical references and index. 327 $tFront Matter /$rManuel Sartori , Manuela E.B. Giolfo and Philippe Cassuto -- $tIntroduction /$rManuel Sartori , Manuela E.B. Giolfo and Philippe Cassuto -- $tSwitching of Labials in Biblical Hebrew /$rPhilippe Cassuto -- $tThe Analytics of Writing, Exemplified by Arabic, the Youngest of the Semitic Scripts /$rJoseph Dichy -- $tArabian fa?r and mub?la?a of High Rhetorical Value: A New Comprehensive View of the Nemara Inscription /$rManfred Kropp -- $tDia-Planar Diffusion: Reconstructing Early Aramaic-Arabic Language Contact /$rJonathan Owens -- $tThe mas?ala zunb?riyya from a Semitic and Afroasiatic Perspective /$rLutz Edzard -- $t«?Man Zaydan???» À propos de quelques cas curieux de ?ik?ya chez S?bawayhi /$rJean-Patrick Guillaume -- $tInflectional Endings by Means of Short Vowels among Arab Grammarians: Clues for the Deconstruction of a Grammatical Ideology /$rManuel Sartori -- $tOne Word, Two Functions. The Concept of Functional Replacement in Traditional Syntactic Analysis /$rRamzi Baalbaki -- $t?arf and maf??l f?-hi: Really Two of a Kind? Some Notes on Za??????s Treatment /$rFrancesco Binaghi -- $tThe Role of Metaphor in the Interpretation of Prepositions: The Arabic min and the French de /$rNadia Anghelescu -- $tUne corrélation retrouvée?: nécessaire vs possible /$rCatherine Pinon -- $tThe System of the Sciences of the Arabic Language by Sakk?k?: Logic as a Complement of Rhetoric /$rManuela E.B. Giolfo and Wilfrid Hodges -- $tTeaching Arabic to the Angels: A Scherzo by al-Ma?arr? on Heavenly Morphology /$rMartino Diez -- $tL??emprunt dans le dictionnaire arabe des premiers siècles /$rGeorgine Ayoub -- $tThe Noun Pattern ?uf??latun in Arabic Philological Tradition /$rReinhard Weipert -- $tGerboise?: l??entrée du terme arabe ?erb?? à la cour de Louis XIV /$rElie Kallas -- $tOn the Semitic Origin of the English Word fustian /$rFabrizio Angelo Pennacchietti -- $tLa lexicographie arabe entre ?adab et falsafa?: Les questions lexicales du Kit?b al-haw?mil wa-l-?aw?mil /$rLidia Bettini -- $t«?Traitement?» de l??«?organisation?» en arabe moderne de presse, ou le point de vue d??une linguiste sur l??apparente synonymie ?il??/mu??la?a et tan??m/muna??ama /$rMarie Baize-Varin -- $t?ay?u?: une inextricable polysémie?? /$rAlain Girod -- $tFu??? Arabic Vocabulary Borrowed by Mardini Arabic via Turkish /$rGeorge Grigore -- $tAspect Marking in Juba Arabic and Ki-Nubi /$rKees Versteegh -- $tJewish Writing in Arabic in Arabic Characters in the Nineteenth and Twentieth Centuries /$rMariaLuisa Langella -- $tBetween Linguistics, Poetry, and Ideology: The Literary Periodical L-?Arzy?da in the Lebanese Language (June 2009 ? October 2014) General Presentation, Intellectual Impacts, Index of Authors, and ?Lebanese? Lexis /$rArkadiusz P?onka -- $tThe Seven Deadly Sins of Arabic Studies /$rMichael George Carter -- $tAcclamatio heroica, in honorem reverendi, ornatissimi et doctissimi viri Professoris Dr. Petri Sagittarii, vulgo dictu Pierre Larcher, dicata, Facta a servo Domini Jesu Christi indigno, Fratre Claudio Aegidio Parvulo Ganapensi, o.p., vulgo dictu in saeculo Claude Gilliot /$rManuel Sartori , Manuela E.B. Giolfo and Philippe Cassuto -- $tIndexes /$rManuel Sartori , Manuela E.B. Giolfo and Philippe Cassuto. 330 $aThis volume includes the reflections of leading researchers on Arabic and Semitic languages, also understood as systems and representations. The work first deals with Biblical Hebrew, Early Aramaic, Afroasiatic and Semitic. Its core focuses on morpho-syntactic, semantic, pragmatic, rhetoric and logic matters, showing Arabic grammar's place within the system of the sciences of language. In the second part, authors deal with lexical issues, before they explore dialectology. The last stop is a reflection on how Arabic linguistics may prevent the understanding of the Arabs' own grammatical theory and the teaching and learning of Arabic. 410 0$aStudies in Semitic Languages and Linguistics$v88. 606 $aArabic language$xHistory 606 $aArabic language$xDialects 606 $aSemitic languages 608 $aElectronic books. 615 0$aArabic language$xHistory. 615 0$aArabic language$xDialects. 615 0$aSemitic languages. 676 $a492.709 701 $aSartori$b Manuel$f1975-$01066458 701 $aGiolfo$b Manuela E. B$01066459 701 $aCassuto$b Philippe$f1959-$0927636 701 $aLarcher$b Pierre$01066460 801 0$bNL-LeKB 801 1$bNL-LeKB 906 $aBOOK 912 $a9910511697003321 996 $aApproaches to the history and dialectology of Arabic$92549220 997 $aUNINA LEADER 03773nam 22006973 450 001 9910838322603321 005 20220916084608.0 010 $a1-5036-3387-X 024 7 $a10.1515/9781503633872 035 $a(CKB)5580000000361406 035 $a(MiAaPQ)EBC29972931 035 $a(Au-PeEL)EBL29972931 035 $a(DE-B1597)632966 035 $a(DE-B1597)9781503633872 035 $a(OCoLC)1350571995 035 $a(EXLCZ)995580000000361406 100 $a20220916d2022 uy 0 101 0 $aeng 135 $aurcnu|||||||| 181 $ctxt$2rdacontent 182 $cc$2rdamedia 183 $acr$2rdacarrier 200 10$aPracticing Sectarianism $eArchival and Ethnographic Interventions on Lebanon 205 $a1st ed. 210 1$aRedwood City :$cStanford University Press,$d2022. 210 4$d©2022. 215 $a1 online resource (260 pages) 311 $a1-5036-3109-5 327 $tFrontmatter -- $tCONTENTS -- $tACKNOWLEDGMENTS -- $tNOTE ON TRANSLITERATION -- $tINTRODUCTION PRACTICING SECTARIANISM IN LEBANON -- $t1 NO ROOM FOR THIS STORY -- $t2 NEGOTIATING CITIZENSHIP -- $t3 THE ARCHIVE IS BURNING -- $t4 DONATING IN THE NAME OF THE NATION -- $t5 ALONG AND BEYOND SECT ? -- $t6 FROM MURDER IN NEWYORK TO SALVATION FROM BEIRUT -- $t7 INEQUALITY AND IDENTITY -- $t8 WHEN EXPOSURE IS NOT ENOUGH -- $tNOTES -- $tBIBLIOGRAPHY -- $tCONTRIBUTORS -- $tINDEX 330 $aPracticing Sectarianism explores the imaginative and contradictory ways that people live sectarianism. The book's essays use the concept as an animating principle within a variety of sites across Lebanon and its diasporas and over a range of historical periods. With contributions from historians and anthropologists, this volume reveals the many ways sectarianism is used to exhibit, imagine, or contest power: What forms of affective pull does it have on people and communities? What epistemological work does it do as a concept? How does it function as a marker of social difference? Examining social interaction, each essay analyzes how people experience sectarianism, sometimes pushing back, sometimes evading it, sometimes deploying it strategically, to a variety of effects and consequences. The collection advances an understanding of sectarianism simultaneously constructed and experienced, a slippery and changeable concept with material effects. And even as the book's focus is Lebanon, its analysis fractures the association of sectarianism with the nation-state and suggests possibilities that can travel to other sites. Practicing Sectarianism, taken as a whole, argues that sectarianism can only be fully understood?and dismantled?if we first take it seriously as a practice. 517 $aPracticing Sectarianism 606 $aCommunalism$xReligious aspects 606 $aCommunalism$zLebanon 606 $aSects$xPolitical aspects$zLebanon 606 $aSects$xSocial aspects$zLebanon 606 $aHISTORY / Middle East / General$2bisacsh 607 $aLebanon$xEthnic relations 610 $aLebanon. 610 $aMiddle East. 610 $aanthropology. 610 $aeveryday. 610 $ahistory. 610 $asect. 610 $asectarianism. 610 $asocial practice. 615 0$aCommunalism$xReligious aspects. 615 0$aCommunalism 615 0$aSects$xPolitical aspects 615 0$aSects$xSocial aspects 615 7$aHISTORY / Middle East / General. 676 $a302/.14095692 700 $aDeeb$b Lara$0698517 701 $aNalbantian$b Tsolin$01731301 701 $aSbaiti$b Nadya$01731302 801 0$bMiAaPQ 801 1$bMiAaPQ 801 2$bMiAaPQ 906 $aBOOK 912 $a9910838322603321 996 $aPracticing Sectarianism$94143730 997 $aUNINA LEADER 02896nam 2200673Ia 450 001 9911020378703321 005 20200520144314.0 010 $a9786612347238 010 $a9781282347236 010 $a1282347233 010 $a9780470142943 010 $a0470142944 010 $a9780470143384 010 $a047014338X 035 $a(CKB)1000000000376782 035 $a(EBL)456122 035 $a(SSID)ssj0000398363 035 $a(PQKBManifestationID)11311783 035 $a(PQKBTitleCode)TC0000398363 035 $a(PQKBWorkID)10358208 035 $a(PQKB)10293713 035 $a(MiAaPQ)EBC456122 035 $a(OCoLC)123570031 035 $a(Perlego)2749687 035 $a(EXLCZ)991000000000376782 100 $a19860407d1987 uy 0 101 0 $aeng 135 $aur|n|---||||| 181 $ctxt 182 $cc 183 $acr 200 00$aAb initio methods in quantum chemistry$hII /$fedited by K.P Lawley 210 $aChichester [West Sussex] ;$aNew York $cWiley$dc1987 215 $a1 online resource (600 p.) 225 1 $aAdvances in chemical physics ;$v67 300 $a"A Wiley-Interscience publication." 311 08$a9780471909019 311 08$a0471909017 320 $aIncludes bibliographies and indexes. 327 $aAB INITIO METHODS IN QUANTUM CHEMISTRY -II; CONTENTS; MATRIX-FORMULATED DIRECT MULTICONFIGURATION SELF-CONSISTENT FIELD AND MULTICONFIGURATION REFERENCE CONFIGURATION-INTERACTION; THE MULTICONFIGURATION SELF-CONSISTENT FIELD METHOD; PROPAGATOR METHODS; ANALYTICAL DERIVATIVE METHODS IN QUANTUM CHEMISTRY; SYMMETRY AND DEGENERACY IN Xa AND DENSITY FUNCTIONAL THEORY; MODERN VALENCE BOND THEORY; THE COMPLETE ACTIVE SPACE SELF-CONSISTENT FIELD METHOD AND ITS APPLICATIONS IN ELECTRONIC STRUCTURE CALCULATIONS; TRANSITION-METAL ATOMS AND DIMERS; WEAKLY BONDED SYSTEMS; AUTHOR INDEX; COMPOUND INDEX 327 $aSUBJECT INDEX 330 $aThe Advances in Chemical Physics series provides the chemical physics and physical chemistry fields with a forum for critical, authoritative evaluations of advances in every area of the discipline. Filled with cutting-edge research reported in a cohesive manner not found elsewhere in the literature, each volume of the Advances in Chemical Physics series serves as the perfect supplement to any advanced graduate class devoted to the study of chemical physics. 410 0$aAdvances in chemical physics ;$v67. 606 $aQuantum chemistry 606 $aQuantum theory 615 0$aQuantum chemistry. 615 0$aQuantum theory. 676 $a541.2/8 676 $a541.28 676 $a541.305 676 $a541/.08 701 $aLawley$b K. P$0878056 801 0$bMiAaPQ 801 1$bMiAaPQ 801 2$bMiAaPQ 906 $aBOOK 912 $a9911020378703321 996 $aAb initio methods in quantum chemistry$94417499 997 $aUNINA